|
|
|
|
| LEADER |
00000nam a2200000Ii 4500 |
| 001 |
DIGUNAU0238 |
| 003 |
NyNyDIG |
| 006 |
m o d |
| 007 |
cr ||||||||||| |
| 008 |
230831s2019 ck a o 000 0 spa d |
| 035 |
|
|
|a (OCoLC)1395939951
|
| 040 |
|
|
|a DGITA
|b eng
|e rda
|e pn
|c DGITA
|
| 043 |
|
|
|a s-ck---
|
| 050 |
1 |
4 |
|a ML385 ebook
|
| 100 |
1 |
|
|a Vera Pabón, Ricardo,
|e author.
|
| 245 |
1 |
0 |
|a Música y músicos de Bello /
|c Ricardo Vera Pabón.
|
| 264 |
|
1 |
|a Medellín :
|b Ediciones UNAULA,
|c [2019]
|
| 300 |
|
|
|a 1 online resource :
|b illustrations.
|
| 336 |
|
|
|a text
|b txt
|2 rdacontent
|
| 337 |
|
|
|a computer
|b c
|2 rdamedia
|
| 338 |
|
|
|a online resource
|b cr
|2 rdacarrier
|
| 347 |
|
|
|a text file
|2 rdaft
|
| 347 |
|
|
|b PDF
|
| 490 |
1 |
|
|a Cuadernos de cátedra libre,
|x 2248-583X ;
|v número 45
|
| 588 |
0 |
|
|a Online resource; title from PDF title page (Digitalia, viewed August 31, 2023)
|
| 650 |
|
0 |
|a Music
|z Colombia
|z Bello (Antioquia)
|x History and criticism.
|
| 650 |
|
0 |
|a Musicians
|z Colombia
|z Bello (Antioquia)
|
| 791 |
2 |
|
|a Digitalia (Firm),
|e distributor.
|
| 793 |
0 |
|
|g Digitalia eBook Collection:
|a Ediciones UNAULA
|
| 776 |
0 |
8 |
|i Print version:
|a Vera Pabón, Ricardo.
|t Música y músicos de Bello.
|d Medellín : Ediciones UNAULA, 2019
|
| 830 |
|
0 |
|a Cuadernos de cátedra libre,
|x 2248-583X ;
|v no. 45.
|
| 856 |
4 |
0 |
|3 Digitalia Hispánica
|u https://www.digitaliapublishing.com/a/119410/
|
| 910 |
|
|
|a Premium collection: 2023
|